<?xml version="1.0" encoding="UTF-8"?>
<record
    xmlns:xsi="http://www.w3.org/2001/XMLSchema-instance"
    xsi:schemaLocation="http://www.loc.gov/MARC21/slim http://www.loc.gov/standards/marcxml/schema/MARC21slim.xsd"
    xmlns="http://www.loc.gov/MARC21/slim">

  <leader>02633    a2200241   4500</leader>
  <controlfield tag="001">26770</controlfield>
  <controlfield tag="005">20260407155545.0</controlfield>
  <controlfield tag="008">260407a1989    arg                 spa d</controlfield>
  <controlfield tag="003">AR-UNSa-BCEJYS</controlfield>
  <datafield tag="040" ind1=" " ind2=" ">
    <subfield code="a">AR-UNSa-BCEJYS</subfield>
    <subfield code="b">spa</subfield>
    <subfield code="c">AR-UNSa-BCEJYS</subfield>
  </datafield>
  <datafield tag="080" ind1=" " ind2=" ">
    <subfield code="a">658.8</subfield>
    <subfield code="x">Organizaci&#xF3;n de mercados. Marketing. Ventas. Distribuci&#xF3;n</subfield>
  </datafield>
  <datafield tag="245" ind1="1" ind2="0">
    <subfield code="a">Mercadotecnia</subfield>
  </datafield>
  <datafield tag="020" ind1=" " ind2=" ">
    <subfield code="a">968-880-156-9</subfield>
  </datafield>
  <datafield tag="250" ind1=" " ind2=" ">
    <subfield code="a">3a. ed</subfield>
  </datafield>
  <datafield tag="264" ind1=" " ind2="1">
    <subfield code="a">M&#xE9;xico :</subfield>
    <subfield code="b">Prentice-Hall Hispanoamericana</subfield>
    <subfield code="c">1989</subfield>
  </datafield>
  <datafield tag="300" ind1=" " ind2=" ">
    <subfield code="a">xxii, 746 p.</subfield>
    <subfield code="c">25 cm.</subfield>
  </datafield>
  <datafield tag="505" ind1=" " ind2=" ">
    <subfield code="a">Parte I: Comprensi&#xF3;n de la Mercadotecnia: 1. Fundamentos sociales de la mercadotecnia: satisfacci&#xF3;n de las necesidades humanas - 2. Proceso de la administraci&#xF3;n de mercadotecnia - Parte II: Organizaci&#xF3;n del proceso de planificaci&#xF3;n de mercadotecnia: 3. Planeaci&#xF3;n estrat&#xE9;gica y planeaci&#xF3;n de mercadotecnia - 4. Investigaci&#xF3;n de mercados y sistemas de informaci&#xF3;n - Parte III: An&#xE1;lisis de oportunidades de mercado: 5. Ambiente de mercadotecnia - 6. Mercados de consumo: influencia sobre conducta del consumidor - 7. Mercados de consumo: rocesoso de decisi&#xF3;n del comprador - 8. Mercados organizacionales y conducta de compra organizacional - Parte IV: Secci&#xF3;n de mercados meta: 9. Medici&#xF3;n y pr&#xF3;nostico de la demanda - 10. Segmentaci&#xF3;n, selecci&#xF3;n de mercados y posicionamiento en el mercado - Parte V: Desarrollo de la mezcla de mercadotecnia: 11. Dise&#xF1;o de productos: productos, marcas, empaque y servicios - 12. Dise&#xF1;o de productos: estartegias relativas al desarrollo de nuevos productos y al ciclo de vida del producto - 13. Fijaci&#xF3;n de precios de los productos: consideraciones y enfoques - 14. Fijaci&#xF3;n de precio de los productos: estratgias - 15. Colocaci&#xF3;n de productos: canales de distribuci&#xF3;n y distribuci&#xF3;n f&#xED;sica - 16. Colocaci&#xF3;n de productos: comercios detallista y mayorista - 17. Promoci&#xF3;n de productos: comunicaci&#xF3;n y estrategias - 18. Promoci&#xF3;n de productos: publicidad, promoci&#xF3;n de ventas y publicidad no pagada - 19. Promoci&#xF3;n de los productos: ventas personales y administraci&#xF3;n de ventas - Parte VI: Administraci&#xF3;n del esfuerzo de mercadotecnia: 20. Estrategias competitivas de mercadotecnia: 20. Estrategias competitivas de mercadotecnia - 21. Implementaci&#xF3;n, organizaci&#xF3;n, y control de los programas de mercadotecnia - Parte VII: Mercadotecnia ampliada: 22. Mercadotecnia internacional - 23. Mercadotecnia de servicios y mercadotecnia no lucrativa - 24. Mercadotecnia y sociedad.</subfield>
  </datafield>
  <datafield tag="942" ind1=" " ind2=" ">
    <subfield code="c">BK</subfield>
  </datafield>
  <datafield tag="590" ind1=" " ind2=" ">
    <subfield code="a">niveau_biblio:m niveau_hierar:0</subfield>
  </datafield>
  <datafield tag="100" ind1="1" ind2=" ">
    <subfield code="a">Kotler, Philip</subfield>
  </datafield>
  <datafield tag="700" ind1="1" ind2=" ">
    <subfield code="a">Salazar, Jos&#xE9; Manuel</subfield>
  </datafield>
  <datafield tag="700" ind1="1" ind2=" ">
    <subfield code="a">Hern&#xE1;ndez Garnica, Clotilde</subfield>
  </datafield>
  <datafield tag="999" ind1=" " ind2=" ">
    <subfield code="c">1495</subfield>
    <subfield code="d">1495</subfield>
  </datafield>
  <datafield tag="952" ind1=" " ind2=" ">
    <subfield code="0">0</subfield>
    <subfield code="1">0</subfield>
    <subfield code="4">0</subfield>
    <subfield code="7">0</subfield>
    <subfield code="a">BCEJYS</subfield>
    <subfield code="b">BCEJYS</subfield>
    <subfield code="c">16</subfield>
    <subfield code="d">2026-04-07</subfield>
    <subfield code="l">0</subfield>
    <subfield code="o">658.8 K87m 3ed.</subfield>
    <subfield code="p">L53651</subfield>
    <subfield code="r">2026-04-07 15:55:45</subfield>
    <subfield code="w">2026-04-07</subfield>
    <subfield code="y">L</subfield>
  </datafield>
  <datafield tag="952" ind1=" " ind2=" ">
    <subfield code="0">0</subfield>
    <subfield code="1">0</subfield>
    <subfield code="4">0</subfield>
    <subfield code="7">0</subfield>
    <subfield code="a">BCEJYS</subfield>
    <subfield code="b">BCEJYS</subfield>
    <subfield code="c">16</subfield>
    <subfield code="d">2026-04-07</subfield>
    <subfield code="l">0</subfield>
    <subfield code="o">658.8 K87m 3ed.</subfield>
    <subfield code="p">L53646</subfield>
    <subfield code="r">2026-04-07 15:55:45</subfield>
    <subfield code="w">2026-04-07</subfield>
    <subfield code="y">L</subfield>
  </datafield>
  <datafield tag="952" ind1=" " ind2=" ">
    <subfield code="0">0</subfield>
    <subfield code="1">0</subfield>
    <subfield code="4">0</subfield>
    <subfield code="7">0</subfield>
    <subfield code="a">BCEJYS</subfield>
    <subfield code="b">BCEJYS</subfield>
    <subfield code="c">16</subfield>
    <subfield code="d">2026-04-07</subfield>
    <subfield code="l">0</subfield>
    <subfield code="o">658.8 K87m 3ed.</subfield>
    <subfield code="p">L53647</subfield>
    <subfield code="r">2026-04-07 15:55:45</subfield>
    <subfield code="w">2026-04-07</subfield>
    <subfield code="y">L</subfield>
  </datafield>
  <datafield tag="952" ind1=" " ind2=" ">
    <subfield code="0">0</subfield>
    <subfield code="1">0</subfield>
    <subfield code="4">0</subfield>
    <subfield code="7">0</subfield>
    <subfield code="a">BCEJYS</subfield>
    <subfield code="b">BCEJYS</subfield>
    <subfield code="c">16</subfield>
    <subfield code="d">2026-04-07</subfield>
    <subfield code="l">0</subfield>
    <subfield code="o">658.8 K87m 3ed.</subfield>
    <subfield code="p">L53648</subfield>
    <subfield code="r">2026-04-07 15:55:45</subfield>
    <subfield code="w">2026-04-07</subfield>
    <subfield code="y">L</subfield>
  </datafield>
</record>
